English for Advancement : (Record no. 171543)

MARC details
000 -LEADER
fixed length control field 00532nam a2200169 4500
005 - DATE AND TIME OF LATEST TRANSACTION
control field 20200115121030.0
010 ## - LCCN (DPL NO)
LC control number ENG-127378
020 ## - INTERNATIONAL STANDARD BOOK NUMBER
International Standard Book Number 9789352877393
Terms of availability 125.00
035 ## - SYSTEM CONTROL NUMBER
System control number EN-110910
037 ## - SOURCE OF ACQUISITION
Source of stock number/acquisition DBAD/PUB
082 ## - DEWEY DECIMAL CLASSIFICATION NUMBER
Classification number 480
245 ## - TITLE STATEMENT
Title English for Advancement :
Statement of responsibility, etc editied by V.Srinivas
Remainder of title /
260 ## - PUBLICATION, DISTRIBUTION, ETC. (IMPRINT)
Place of publication, distribution, etc Hyderabad
Name of publisher, distributor, etc Orient Blackswan
Date of publication, distribution, etc Hyderabad
270 ## - ADDRESS
Address Orient Blackswan 3-6-752 Himayatnagar
City Jaipur
Postal code 302003
Electronic mail address Bookenclave@yahoo.com
300 ## - PHYSICAL DESCRIPTION
Extent VII;155p.
Dimensions 24cm(pbk)
942 ## - ADDED ENTRY ELEMENTS (KOHA)
Source of classification or shelving scheme Dewey Decimal Classification
Item type English Books
Classification part 480
Call number suffix ENG
Holdings
Withdrawn status Lost status Not for loan Collection code Home library Current library Date acquired Source of acquisition Cost, normal purchase price Full call number Barcode Copy number Cost, replacement price Koha item type
      Non-fiction Sarojini Nagar Sarojini Nagar 15/01/2020 DBAD/PUB 125.00 480 ENG EN-110910 1 125.00 English Books

© Delhi Public Library
Hit Counter
free hit counter